[Event "XII Memorial Gino Serafini"]
[Site "Via Enzo Ferrari n.34 - Civitanova Marche (MC), Italy"]
[Date "????.??.??"]
[Round "4.1"]
[White "Patrignani, Tiziano"]
[Black "Botondini, Diego"]
[Result "1-0"]
[WhiteElo "2055"]
[BlackElo "1814"]
[PlyCount "77"]

1. d4 d5 2. c4 c6 3. Nf3 Nf6 4. Nc3 a6 5. a4 a5 6. cxd5 Nxd5 7. e4 Nb4 8. Bc4 e6 9. O-O Be7 10. Be3 O-O 11. Qe2 b6 12. Rfd1 Bb7 13. Rac1 Re8 14. Ne5 Bf6 15. Ng4 Nd7 16. Qf3 Bg5 17. Bxg5 Qxg5 18. e5 Nf8 19. Ne4 Qf5 20. Nef6+ Kh8 21. Qxf5 exf5 22. Nxe8 Rxe8 23. Ne3 f4 24. Nf5 Ne6 25. Nd6 Re7 26. Nxf7+ Rxf7 27. Bxe6 Re7 28. Bc4 g5 29. g3 h6 30. gxf4 gxf4 31. f3 Kg7 32. Kf2 Bc8 33. Bd3 Be6 34. Be4 Bd7 35. Rg1+ Kf8 36. Rg6 c5 37. dxc5 bxc5 38. Rxc5 Bxa4 39. Rxa5 1-0